000 00385nam a2200133Ia 4500
001 13733
003 GE_BSU
008 181216s||||||||xx |||||||||||||| ||und||
040 _cGE_BSU
100 _aლორთქიფანიძე,ნიკო
245 _aდანგრეული ბუდეები
653 _aდანგრეული ბუდეები
942 _cBK
999 _c46880
_d46880